| 000 | 00620nam a22001817a 4500 | ||
|---|---|---|---|
| 999 |
_c187327 _d187327 |
||
| 005 | 20220412150646.0 | ||
| 010 | _aENG-132288 | ||
| 020 |
_a9789386473004 _c695.00 |
||
| 035 | _aEN-115820 | ||
| 037 | _bDBAD/PUB | ||
| 082 | _a321.80954 | ||
| 100 | _aKashyap,Sunhash C | ||
| 245 |
_aDemocracy and good governance: _bsome guidelines for today's parliamentarians/ _cSubhash C Kashyap |
||
| 260 |
_aNew Delhi _bVitasta Publishing Pvt Ltd _c2017 |
||
| 270 |
_bNew Delhi _a2/15,Ansari Road, Daryaganj _e110002 _minfo@vitastapublishing.com |
||
| 300 |
_a420p. _c22cm(hbk) |
||
| 942 |
_2ddc _cEN _mKAS _h321.80954 |
||